000 00837nam a2200253Ia 4500
003 OSt
005 20220923222757.0
006 a|||||r|||| 00| 0
007 ta
008 220922b |||||||| |||| 00| 0 hin d
024 _a207,813
037 _cTextual
040 _aARTS
_cARTS
_bhin
041 _2hin
_ahin
082 _aO152,3NPR,RN, L4
100 _aप्रियम्वदा, उषा
245 0 _aरुकोगी नहीं राधिका
246 _aRukogī nahīan.....................rādhikā
250 _aसंस्क 3
260 _aदिल्ली
_b अक्षर प्रका0
_c1974
650 _aहिन्दी साहित्य
_9156264
942 _hO152,3NPR,RN, L4
_cTEXL
_2CC
999 _c358430
_d358430